Polacy, Żydzi, Szwajcarzy

Titel: Polacy, Żydzi, Szwajcarzy / Paul Stauffer
Verfasser:
Ausgabe: Wyd. 1
Veröffentlicht: Warszawa : Państwowy Instytut Wydawniczy, 2008
Umfang: 201 Seiten : Illustrationen, Karten ; 25 cm
Format: Buch
Sprache: Polnisch
Einheitssachtitel: Polen, Juden, Schweizer
ISBN: 9788306030563 ; 8306030567
Buchumschlag
X
alg: 23511473
001A    $00026:12-04-11 
001B    $01999:23-12-21 $t11:28:13.000 
001D    $00026:12-04-11 
001U    $0utf8 
001X    $00 
002@    $0Aau 
002C    $aText $btxt $2rdacontent 
002D    $aohne Hilfsmittel zu benutzen $bn $2rdamedia 
002E    $aBand $bnc $2rdacarrier 
003@    $0235114731 
003O    $0233503026 $aOCoLC 
004A    $A978-83-06-03056-3 
004A    $083-06-03056-7 
007A    $0235114731 $aHEB 
007G    $0DE0134C9F24AAAB632724C125787900430C1A 
007T    $0Herdkk00011899 
009P    $qapplication/pdf $A2 $3Inhaltsverzeichnis $uhttp://scans.hebis.de/HEBCGI/show.pl?23511473_toc.pdf $mV:DE-603;B:DE-26 
010@    $apol 
011@    $a2008 
021A    $aPolacy, Żydzi, Szwajcarzy $hPaul Stauffer 
022A    $aPolen, Juden, Schweizer 
028A    $BVerfasser $4aut $7120698668 $8Stauffer, Paul$Z1930-2008 [Tp3] $9152242511 
032@    $aWyd. 1 
033A    $pWarszawa $nPaństwowy Instytut Wydawniczy 
034D    $a201 Seiten 
034I    $a25 cm 
034M    $aIllustrationen, Karten 
045F    $a900.94380904 $eDDC23BSB 
045F/01 $a900 
045F/03 $f0904 
045F/03 $g438 

lok: 23511473 78

exp: 23511473 78 1 #EPN
201B/01 $019-04-17 $t15:30:32.000 
201U/01 $0utf8 
203@/01 $0792333675 
208@/01 $a12-11-16 $be 
209A/01 $a/ $f000 $x00 
220C/01 $aTitelaufnehmer: pbb 
220C/01 $aHerkunft: PBB/IH PAN 
237A/01 $a1 poł. XX w.  
244Z/01 $2Trx $#Poola $#Lenkija $#Polija $#Polen Land $#Poland $#Lengyelország $#Poľsko $#Polsko $8--Trx--Polska$gkraj $x01 $9391345966 
244Z/01 $2Trx $#Šveicarija $#Szwajcaria $#Švajčiarsko $#Švýcarsko $8--Trx--Schweiz $x02 $9391258141 
244Z/01 $2Trx $8--Trx--Monographie $x03 $9391384546 
245Z/01 $a06.04.01 $x01 
247C/01 $82080>Marburg/Lahn, Herder-Institut, Forschungsbibliothek, Bibliographieportal $9336309341 

lok: 23511473 204

exp: 23511473 204 1 #EPN
201B/01 $020-04-11 $t13:28:43.000 
201C/01 $012-04-11 
201U/01 $0utf8 
203@/01 $0616201567 
208@/01 $a20-04-11 $bzUB 
209A/01 $aFH his Je 6.45 $du $f000 $hfh his je 6 45 $x00 
209G/01 $a61170677 $x00 
245S/01 $a10200 $x01 
247C/01 $8631000-x <26>Gießen, Universität Gießen, Universitätsbibliothek Gießen $9102596697
LEADER 00000cam a2200000 c 4500
001 235114731
003 DE-603
005 20211223112813.0
007 tu
008 110412s2008 xx |||| | u00||u|pol c
020 |a 9788306030563 
020 |a 8306030567 
035 |a (DE-599)HEB235114731 
035 |a (OCoLC)233503026 
040 |a DE-603  |b ger  |c DE-603  |d DE-603 
041 |a pol 
082 0 4 |8 1\u  |a 900.94380904  |q DE-101  |2 23/BSB 
085 |8 1\u  |b 900 
085 |8 1\u  |z 1  |s 0904 
085 |8 1\u  |z 2  |s 438 
100 1 |a Stauffer, Paul  |d 1930-2008  |e Verfasser  |4 aut  |0 (DE-603)152242511  |0 (DE-588)120698668  |2 gnd 
240 1 0 |a Polen, Juden, Schweizer 
245 0 0 |a Polacy, Żydzi, Szwajcarzy  |c Paul Stauffer 
250 |a Wyd. 1 
264 1 |a Warszawa  |b Państwowy Instytut Wydawniczy  |c 2008 
300 |a 201 Seiten  |b Illustrationen, Karten  |c 25 cm 
336 |a Text  |b txt  |2 rdacontent 
337 |a ohne Hilfsmittel zu benutzen  |b n  |2 rdamedia 
338 |a Band  |b nc  |2 rdacarrier 
856 4 2 |m V:DE-603;B:DE-26  |q application/pdf  |u http://scans.hebis.de/HEBCGI/show.pl?23511473_toc.pdf  |3 Inhaltsverzeichnis 
924 0 |9 2080  |a (DE-603)792333675  |b DE-2080  |c HES  |d d  |g / 
924 0 |9 26  |a (DE-603)616201567  |b DE-26  |c HES  |d c  |g FH his Je 6.45